header

Review of New York State low-level radioactive waste siting process (Record no. 28452)

MARC details
000 -LEADER
fixed length control field 01383nam a2200277 a 4500
082 04 - DEWEY DECIMAL CLASSIFICATION NUMBER
Classification number 363.72/895/09747
245 00 - TITLE STATEMENT
Title Review of New York State low-level radioactive waste siting process
260 ## - PUBLICATION, DISTRIBUTION, ETC. (IMPRINT)
Place of publication Washington, D.C. :
Name of publisher National Academy Press,
Year of publication 1996.
300 ## - PHYSICAL DESCRIPTION
Number of Pages 1 v. (various pagings) :
Other physical details ill.
650 #0 - SUBJECT ADDED ENTRY--TOPICAL TERM
Topical Term Low level radioactive waste disposal facilities
856 40 - ELECTRONIC LOCATION AND ACCESS
Uniform Resource Identifier http://site.ebrary.com/lib/rucke/Doc?id=10068459

No items available.

© 2026 Rongo University
Contact us: librarian | system librarian | Rongo university